[Event "Titled Tuesday intern op 20th Apr"]
[Site "Chess.com INT"]
[Date "2021.04.20"]
[Round "4"]
[White "Guimaraes, Diogo Duarte"]
[Black "Cupid, Kevin"]
[Result "1-0"]
[WhiteElo "2248"]
[BlackElo "2154"]
[PlyCount "67"]
[EventDate "2021.04.20"]
[EventType "swiss (blitz)"]
[EventRounds "11"]
[EventCountry "USA"]
[SourceTitle "CBM 202 Extra"]
[Source "ChessBase"]
[SourceDate "2021.07.31"]
[SourceVersion "1"]
[SourceVersionDate "2021.07.31"]
[SourceQuality "1"]

1. e4 c6 2. Bc4 d5 3. Bb3 dxe4 4. Qh5 e6 5. Nc3 Nf6 6. Qh4 Be7 7. Nxe4 Nxe4 8. Qxe4 0-0 9. d4 Nd7 10. Nf3 c5 11. Be3 Nf6 12. Qd3 cxd4 13. Bxd4 Qa5+ 14. Bc3 Qh5 15. 0-0-0 a5 16. a4 b6 17. Ne5 Ba6 18. Qg3 Ne4 19. Qe3 Bg5 20. f4 Nxc3 21. bxc3 Bh6 22. g4 Qh4 23. g5 f6 24. Bxe6+ Kh8 25. gxh6 fxe5 26. hxg7+ Kxg7 27. Rhg1+ Kh8 28. Qxe5+ Qf6 29. Rd7 Rae8 30. Rxh7+ Kxh7 31. Qh5+ Qh6 32. Bf5+ Rxf5 33. Qxf5+ Kh8 34. Rg6 1-0

[Event "Titled Tuesday intern op 20th Apr"]
[Site "Chess.com INT"]
[Date "2021.04.20"]
[Round "10"]
[White "Stepak, Yedael"]
[Black "Guimaraes, Diogo Duarte"]
[Result "0-1"]
[WhiteElo "2217"]
[BlackElo "2248"]
[PlyCount "106"]
[EventDate "2021.04.20"]
[EventType "swiss (blitz)"]
[EventRounds "11"]
[EventCountry "USA"]
[SourceTitle "CBM 202 Extra"]
[Source "ChessBase"]
[SourceDate "2021.07.31"]
[SourceVersion "1"]
[SourceVersionDate "2021.07.31"]
[SourceQuality "1"]

1. d4 Nf6 2. c4 g6 3. Nc3 d5 4. Nf3 Bg7 5. Bf4 0-0 6. e3 b6 7. Qb3 dxc4 8. Bxc4 Nc6 9. Ng5 e6 10. Qd1 Na5 11. Be2 Nd5 12. Nxd5 exd5 13. 0-0 c5 14. Rc1 Bb7 15. dxc5 Bxb2 16. Rb1 Bf6 17. Nf3 bxc5 18. Qa4 Bc6 19. Qa3 Be7 20. Ne5 Be8 21. Bb5 f6 22. Nf3 Bxb5 23. Rxb5 Nc4 24. Qd3 Qd7 25. Rfb1 Nb6 26. a4 Nxa4 27. Rb7 Qe6 28. Rxe7 Qxe7 29. Qxd5+ Qf7 30. Qc6 Qa2 31. Rf1 Rac8 32. Qd7 Nb6 33. Qb7 Qd5 34. Qxa7 Nd7 35. h3 Kf7 36. Qa4 Rfd8 37. Rd1 Qc6 38. Qc4+ Qe6 39. Qa4 Nf8 40. Rxd8 Rxd8 41. Qb5 Rd1+ 42. Kh2 c4 43. Qa4 Rd7 44. Qa5 Qd5 45. Qc3 g5 46. Bg3 Ng6 47. Nd4 Ne5 48. Qc2 Nd3 49. Qe2 Qe4 50. Qh5+ Qg6 51. Qg4 Re7 52. Nf5 h5 53. Nxe7 hxg4 0-1